| 000 | 00817nam a2200193Ia 4500 | ||
|---|---|---|---|
| 008 | 151121s9999||||xx |||||||||||||| ||und|| | ||
| 082 | _a815/लेले | ||
| 082 | _bHNW-69106 | ||
| 100 | _aलेले अरविंद---अनु। | ||
| 245 | _aअटलबिहारी बाजपेयी; संसदेतील भाषणे | ||
| 260 | _b"ढवळे प्रकाशन, मुंबई।" | ||
| 260 | _c-- | ||
| 300 | _a225 | ||
| 600 | _aलेले अरविंद---अनु। | ||
| 630 | _aअटलबिहारी बाजपेयी; संसदेतील भाषणे | ||
| 700 | _aलेले अरविंद---अनु। | ||
| 730 | _aअटलबिहारी बाजपेयी; संसदेतील भाषणे | ||
| 942 | _cBOOK | ||
| 999 |
_c1250594 _d1250591 |
||